[Event "Steinfurt Bezirksklasse 1314"]
[Site "Germany"]
[Date "2014.01.18"]
[Round "4.3"]
[White "Richter, Alexander"]
[Black "Krumbeck, Holger"]
[Result "1/2-1/2"]
[WhiteElo "1588"]
[BlackElo "1306"]
[PlyCount "50"]
[EventDate "2013.10.05"]
[EventType "team-tourn"]
[EventRounds "9"]
[EventCountry "GER"]
[SourceTitle "EXT 2015"]
[Source "ChessBase"]
[SourceDate "2014.11.20"]
[SourceVersion "1"]
[SourceVersionDate "2014.11.20"]
[SourceQuality "1"]
[WhiteTeam "Rheine SG"]
[BlackTeam "Reckenfeld II"]
[WhiteTeamCountry "GER"]
[BlackTeamCountry "GER"]

1. d4 d5 2. Nf3 e6 3. Bf4 Bd6 4. Bxd6 Qxd6 5. c3 Nc6 6. Nbd2 Nf6 7. Qc2 Bd7 8. e4 dxe4 9. Nxe4 Nxe4 10. Qxe4 f5 11. Qh4 Qe7 12. Qxe7+ Nxe7 13. Ne5 Nc6 14. Nxd7 Kxd7 15. Bb5 a6 16. Bxc6+ Kxc6 17. 0-0-0 Rad8 18. Rhe1 Rhe8 19. Re5 Rd6 20. h4 Kd7 21. Rd3 Ke7 22. Rf3 Rf8 23. Rg3 Kf6 24. Rc5 c6 25. Re5 h5 1/2-1/2

[Event "Steinfurt Bezirksliga 1112"]
[Site "Germany"]
[Date "2012.03.31"]
[Round "7.4"]
[White "Richter, Alexander"]
[Black "Miethe, Christoph"]
[Result "0-1"]
[WhiteElo "1527"]
[BlackElo "1611"]
[PlyCount "106"]
[EventDate "2011.10.01"]
[EventType "team-tourn"]
[EventRounds "9"]
[EventCountry "GER"]
[SourceTitle "EXT 2013"]
[Source "ChessBase"]
[SourceDate "2012.11.22"]
[SourceVersion "1"]
[SourceVersionDate "2012.11.22"]
[SourceQuality "1"]
[WhiteTeam "Rheine SG"]
[BlackTeam "Neuenkirchen II"]
[WhiteTeamCountry "GER"]
[BlackTeamCountry "GER"]

1. c4 e5 2. g3 Nf6 3. Bg2 Be7 4. e3 0-0 5. Ne2 Nc6 6. Nbc3 d6 7. 0-0 Be6 8. b3 Qd7 9. d4 exd4 10. Nxd4 Nxd4 11. Qxd4 c6 12. Bb2 c5 13. Qd2 a6 14. Rfd1 Rad8 15. a4 Bg4 16. f3 Be6 17. e4 Qc7 18. Qe3 Qb6 19. Ne2 Rfe8 20. Rd3 Bxc4 21. bxc4 Qxb2 22. Rc1 Qb6 23. Rb3 Qc7 24. Rcb1 Rb8 25. Nc3 b6 26. f4 Bd8 27. Qd3 h6 28. Rd1 Be7 29. h4 h5 30. Bf3 g6 31. Kg2 Kg7 32. Rb2 Red8 33. Rbd2 Kg8 34. Qe3 Kg7 35. f5 Re8 36. Qf4 Kh7 37. fxg6+ fxg6 38. g4 Rf8 39. Qg3 hxg4 40. Bxg4 Rg8 41. Be6 Rg7 42. Kf3 Rf8 43. Ke3 Nh5 44. Qh2 Bf6 45. Nd5 Bd4+ 46. Kd3 Qc6 47. Ra2 Rf3+ 48. Ke2 Rf2+ 49. Qxf2 Bxf2 50. Kxf2 Qe8 51. Bg4 Qxe4 52. Bxh5 Qxh4+ 53. Ke3 gxh5 0-1

[Event "Steinfurt Bezirksliga 1112"]
[Site "Germany"]
[Date "2012.02.04"]
[Round "5.4"]
[White "Richter, Alexander"]
[Black "Weiermann, Ewald"]
[Result "1/2-1/2"]
[WhiteElo "1527"]
[BlackElo "1647"]
[PlyCount "107"]
[EventDate "2011.10.01"]
[EventType "team-tourn"]
[EventRounds "9"]
[EventCountry "GER"]
[SourceTitle "EXT 2013"]
[Source "ChessBase"]
[SourceDate "2012.11.22"]
[SourceVersion "1"]
[SourceVersionDate "2012.11.22"]
[SourceQuality "1"]
[WhiteTeam "Rheine SG"]
[BlackTeam "Steinfurt II"]
[WhiteTeamCountry "GER"]
[BlackTeamCountry "GER"]

1. c4 e6 2. g3 d5 3. Bg2 Nf6 4. cxd5 exd5 5. Nf3 Bd6 6. 0-0 0-0 7. Qb3 c6 8. Nc3 Nbd7 9. d3 Nc5 10. Qc2 Re8 11. Bg5 h6 12. Bxf6 Qxf6 13. d4 Bf5 14. Qc1 Ne4 15. Re1 Bg4 16. Qc2 Bxf3 17. Bxf3 Qxd4 18. Bxe4 dxe4 19. Rad1 Qc5 20. Qa4 e3 21. f3 Qb4 22. Qc2 Rad8 23. a3 Qb6 24. Ne4 Be5 25. b4 Rxd1 26. Rxd1 Rd8 27. f4 Rxd1+ 28. Qxd1 Qd4 29. Qxd4 Bxd4 30. Nd6 b6 31. Kg2 c5 32. Nb5 Bb2 33. bxc5 bxc5 34. Nxa7 Bxa3 35. Kf3 c4 36. Nb5 Bc1 37. Ke4 Bd2 38. Kd4 f5 39. Kxc4 Be1 40. Kd3 Bf2 41. Nd6 g6 42. Nc4 Bg1 43. h3 Bh2 44. Kxe3 Bxg3 45. Kf3 Be1 46. e4 fxe4+ 47. Kxe4 Kf7 48. f5 g5 49. Ne5+ Kf6 50. Ng4+ Kg7 51. Ke5 Bc3+ 52. Ke6 h5 53. Ne5 g4 54. Nc4 1/2-1/2

[Event "Steinfurt Bezirksliga 1011"]
[Site "Germany"]
[Date "2011.03.26"]
[Round "7.3"]
[White "Richter, Alexander"]
[Black "Richter, Michael4444"]
[Result "0-1"]
[WhiteElo "1527"]
[BlackElo "1683"]
[PlyCount "115"]
[EventDate "2010.10.02"]
[EventType "team-tourn"]
[EventRounds "9"]
[EventCountry "GER"]
[SourceTitle "EXT 2012"]
[Source "ChessBase"]
[SourceDate "2011.11.24"]
[SourceVersion "1"]
[SourceVersionDate "2011.11.24"]
[SourceQuality "1"]
[WhiteTeam "Rheine SG"]
[BlackTeam "Reckenfeld"]
[WhiteTeamCountry "GER"]
[BlackTeamCountry "GER"]

1. d4 d5 2. Nf3 Nf6 3. Nc3 e6 4. a3 Be7 5. Bg5 Nbd7 6. g3 c5 7. Bg2 Qb6 8. Rb1 cxd4 9. Nxd4 Bc5 10. Bxf6 Nxf6 11. e3 Bxd4 12. exd4 0-0 13. 0-0 Bd7 14. Re1 Rac8 15. Bf1 Rfe8 16. Kg2 Bc6 17. f3 Rc7 18. Bd3 Kh8 19. Ne2 e5 20. dxe5 Rxe5 21. Nc3 Rce7 22. Rxe5 Rxe5 23. Qd2 d4 24. Ne4 Nxe4 25. Bxe4 Bxe4 26. fxe4 Rxe4 27. Re1 Rxe1 28. Qxe1 Qc6+ 29. Kg1 h6 30. Qf2 Qd5 31. Qe2 f5 32. h3 Kh7 33. g4 Qe4 34. Kf2 Qxe2+ 35. Kxe2 f4 36. Kf3 g5 37. Ke4 Kg6 38. Kxd4 Kf6 39. Ke4 Ke6 40. c3 Kd6 41. Kd4 Kc6 42. b4 b5 43. c4 bxc4 44. Kxc4 f3 45. Kd3 Kb5 46. Ke3 Ka4 47. Kxf3 Kxa3 48. Ke4 Kxb4 49. Kf5 a5 50. Kg6 a4 51. Kxh6 a3 52. Kxg5 a2 53. h4 a1Q 54. h5 Qg7+ 55. Kf5 Kc5 56. g5 Qf7+ 57. Kg4 Kd5 58. g6 0-1

[Event "Steinfurt Bezirksliga 1011"]
[Site "Germany"]
[Date "2011.01.22"]
[Round "4.4"]
[White "Richter, Alexander"]
[Black "Schneider, Richard2222"]
[Result "0-1"]
[WhiteElo "1527"]
[BlackElo "1580"]
[PlyCount "72"]
[EventDate "2010.10.02"]
[EventType "team-tourn"]
[EventRounds "9"]
[EventCountry "GER"]
[SourceTitle "EXT 2012"]
[Source "ChessBase"]
[SourceDate "2011.11.24"]
[SourceVersion "1"]
[SourceVersionDate "2011.11.24"]
[SourceQuality "1"]
[WhiteTeam "Rheine SG"]
[BlackTeam "Emsdetten Rochade III"]
[WhiteTeamCountry "GER"]
[BlackTeamCountry "GER"]

1. d4 d5 2. Nf3 Nf6 3. c4 e6 4. c5 b6 5. cxb6 axb6 6. e3 Nbd7 7. Nc3 c5 8. Bb5 Be7 9. 0-0 Qc7 10. Re1 0-0 11. Bd2 Bb7 12. Rc1 Ne4 13. a3 Ndf6 14. Ne5 Bd6 15. f4 Ba6 16. Bxa6 Nxc3 17. Bxc3 Rxa6 18. dxc5 bxc5 19. Qe2 Raa8 20. Ng4 Ne4 21. Be5 c4 22. h4 f5 23. Bxd6 Qxd6 24. Nf2 Nc5 25. g4 fxg4 26. Qxg4 Rf6 27. h5 Rb8 28. Rc2 Qb6 29. Qe2 Qb5 30. Rd1 Rbf8 31. Ng4 Rf5 32. h6 g6 33. Qd2 Ne4 34. Qd4 R5f7 35. Rg2 Qc5 36. Qc3 Nxc3 0-1

[Event "Steinfurt Bezirksklasse 0910"]
[Site "Germany"]
[Date "2010.05.08"]
[Round "7.4"]
[White "Overmeyer, Juergen"]
[Black "Richter, Alexander"]
[Result "1/2-1/2"]
[WhiteElo "1620"]
[BlackElo "1481"]
[PlyCount "37"]
[EventDate "2009.09.26"]
[EventType "team-tourn"]
[EventRounds "7"]
[EventCountry "GER"]
[SourceTitle "EXT 2011"]
[Source "ChessBase"]
[SourceDate "2010.11.26"]
[SourceVersion "1"]
[SourceVersionDate "2010.11.26"]
[SourceQuality "1"]
[WhiteTeam "Emsdetten Rochade III"]
[BlackTeam "Rheine"]
[WhiteTeamCountry "GER"]
[BlackTeamCountry "GER"]

1. e4 e6 2. d4 d5 3. exd5 exd5 4. Bd3 Bd6 5. h3 Nf6 6. Nf3 0-0 7. 0-0 Nbd7 8. c3 b6 9. Bg5 c5 10. Nbd2 h6 11. Be3 Bb7 12. Nh4 Ne4 13. Nf5 Ndf6 14. Nf3 Re8 15. Qc1 Bc8 16. N3h4 Bxf5 17. Nxf5 c4 18. Bxh6 g6 19. Bxe4 1/2-1/2

[Event "Steinfurt Bezirksklasse 0910"]
[Site "Germany"]
[Date "2010.03.06"]
[Round "5.3"]
[White "Richter, Alexander"]
[Black "Broeker, Sebastian"]
[Result "1-0"]
[WhiteElo "1481"]
[BlackElo "1215"]
[PlyCount "66"]
[EventDate "2009.09.26"]
[EventType "team-tourn"]
[EventRounds "7"]
[EventCountry "GER"]
[SourceTitle "EXT 2011"]
[Source "ChessBase"]
[SourceDate "2010.11.26"]
[SourceVersion "1"]
[SourceVersionDate "2010.11.26"]
[SourceQuality "1"]
[WhiteTeam "Rheine"]
[BlackTeam "Nordwalde II"]
[WhiteTeamCountry "GER"]
[BlackTeamCountry "GER"]

1. d4 Nf6 2. Nf3 e6 3. Bg5 Be7 4. Nbd2 d5 5. e3 0-0 6. c4 Nbd7 7. c5 c6 8. b4 b6 9. Bd3 bxc5 10. bxc5 Qa5 11. 0-0 Ba6 12. Bxa6 Qxa6 13. Ne5 Rfe8 14. Ndf3 Nxe5 15. Nxe5 Ne4 16. Bf4 Nc3 17. Qg4 Ne2+ 18. Kh1 Nxf4 19. Qxf4 f6 20. Nf3 Rab8 21. Qg4 Bf8 22. Ng1 Rb2 23. a4 Rb4 24. Qd1 e5 25. Nf3 exd4 26. exd4 Qa5 27. Re1 Rd8 28. g3 Bxc5 29. dxc5 Qxc5 30. Kg2 Qd6 31. Rb1 Rxb1 32. Qxb1 c5 33. Qb7 Rd7 1-0

[Event "Steinfurt Bezirksliga 0708"]
[Site "Germany"]
[Date "2008.03.15"]
[Round "7.3"]
[White "Richter, Alexander"]
[Black "Tillack, Jan"]
[Result "1-0"]
[WhiteElo "1587"]
[BlackElo "1482"]
[PlyCount "161"]
[EventDate "2007.09.22"]
[EventType "team-tourn"]
[EventRounds "9"]
[EventCountry "GER"]
[SourceTitle "EXT 2009"]
[Source "ChessBase"]
[SourceDate "2008.11.26"]
[SourceVersion "1"]
[SourceVersionDate "2008.11.26"]
[SourceQuality "1"]
[WhiteTeam "Rheine SG"]
[BlackTeam "Emsdetten Rochade III"]
[WhiteTeamCountry "GER"]
[BlackTeamCountry "GER"]

1. d4 d5 2. Nf3 Bg4 3. e3 Nf6 4. Be2 e6 5. 0-0 Nbd7 6. Nbd2 Bd6 7. c4 c6 8. Qb3 b6 9. cxd5 exd5 10. Bd3 0-0 11. h3 Bh5 12. Qc2 c5 13. b3 Rc8 14. Qb1 c4 15. bxc4 Bxf3 16. Nxf3 dxc4 17. Bf5 g6 18. Bxd7 Qxd7 19. e4 Be7 20. d5 Qa4 21. Bg5 c3 22. Qd3 Bd8 23. Nd4 Qc4 24. Qe3 Nxd5 25. exd5 Bxg5 26. Qxg5 Qxd4 27. Rfd1 Qc5 28. Qe3 Rfe8 29. Qxc5 Rxc5 30. Rac1 Rd8 31. Rd3 Rdxd5 32. Rcxc3 Rxc3 33. Rxc3 Rd1+ 34. Kh2 Rd2 35. Ra3 a5 36. Kg3 Rd6 37. Rb3 Kg7 38. Kf4 Re6 39. g4 h6 40. f3 f6 41. a4 g5+ 42. Kg3 Kg6 43. h4 Rc6 44. hxg5 hxg5 45. Kf2 Kf7 46. Ke3 Ke6 47. Kd4 Kd7 48. Kd5 Rc5+ 49. Kd4 Kc6 50. Re3 Rd5+ 51. Kc4 Re5 52. Rb3 Rc5+ 53. Kd4 b5 54. axb5+ Rxb5 55. Re3 Re5 56. Rc3+ Kd6 57. Rb3 Rd5+ 58. Ke4 Re5+ 59. Kd4 Kc6 60. Rc3+ Kb5 61. Rb3+ Ka6 62. Kc4 a4 63. Rb8 Ka7 64. Rb1 Re3 65. Kb4 Rxf3 66. Kxa4 Rf4+ 67. Kb3 Rxg4 68. Kc3 Re4 69. Kd3 Re6 70. Kd4 Rb6 71. Rf1 Kb7 72. Kd5 Kc7 73. Re1 Kd7 74. Re4 Rb5+ 75. Kc4 Re5 76. Rg4 Ke6 77. Kd4 Ra5 78. Ke3 Kf5 79. Rg1 g4 80. Rf1+ Kg5 81. Kf2 1-0

[Event "Steinfurt Bezirksklasse 0607"]
[Site "Germany"]
[Date "2007.01.27"]
[Round "4.6"]
[White "Richter, Alexander"]
[Black "Menz, Tobias"]
[Result "1-0"]
[WhiteElo "1438"]
[BlackElo "1228"]
[PlyCount "62"]
[EventDate "2006.09.30"]
[EventType "team-tourn"]
[EventRounds "7"]
[EventCountry "GER"]
[SourceTitle "EXT 2008"]
[Source "ChessBase"]
[SourceDate "2007.11.25"]
[SourceVersion "1"]
[SourceVersionDate "2007.11.25"]
[SourceQuality "1"]
[WhiteTeam "Rheine SG"]
[BlackTeam "Saerbeck III"]
[WhiteTeamCountry "GER"]
[BlackTeamCountry "GER"]

1. d4 Nf6 2. c4 e6 3. Nf3 Bb4+ 4. Bd2 Bxd2+ 5. Nbxd2 d5 6. e3 Nbd7 7. c5 0-0 8. Bd3 Re8 9. 0-0 e5 10. Nxe5 Nxe5 11. dxe5 Rxe5 12. Nf3 Bg4 13. h3 Bxf3 14. Qxf3 Ne4 15. Qf4 Qe7 16. b4 Rd8 17. Rfd1 d4 18. exd4 Rxd4 19. f3 Qf6 20. Qxf6 Nxf6 21. Bxh7+ Kxh7 22. Rxd4 Re2 23. a4 b6 24. cxb6 cxb6 25. a5 b5 26. Rc1 Re7 27. Rc5 Rb7 28. Rh4+ Kg6 29. f4 Ne4 30. f5+ Kg5 31. Rxe4 f6 1-0

[Event "Steinfurt Bezirksklasse 0506"]
[Site "Germany"]
[Date "2006.02.18"]
[Round "6.6"]
[White "Roewekamp, Andre"]
[Black "Richter, Alexander"]
[Result "0-1"]
[WhiteElo "1546"]
[BlackElo "910"]
[PlyCount "98"]
[EventDate "2005.09.10"]
[EventType "team-tourn"]
[EventRounds "7"]
[EventCountry "GER"]
[SourceTitle "EXT 2006"]
[Source "ChessBase"]
[SourceDate "2005.11.24"]
[SourceVersion "1"]
[SourceVersionDate "2005.11.24"]
[SourceQuality "1"]
[WhiteTeam "Reckenfeld II"]
[BlackTeam "Rheine SG II"]
[WhiteTeamCountry "GER"]
[BlackTeamCountry "GER"]

1. e4 c5 2. Nf3 d6 3. d4 cxd4 4. Nxd4 e5 5. Bb5+ Bd7 6. Bxd7+ Nxd7 7. Nf5 Nc5 8. Nc3 g6 9. Ng3 Nf6 10. 0-0 Bg7 11. f4 a6 12. Be3 Qc7 13. fxe5 dxe5 14. Nd5 Nxd5 15. Qxd5 Ne6 16. Rf2 Rd8 17. Qb3 0-0 18. Bb6 Nd4 19. Qb4 Qd6 20. Qxd6 Rxd6 21. Bc5 Rc6 22. Bxf8 Bxf8 23. c3 Ne6 24. Rd2 Nf4 25. h3 h5 26. Rad1 b6 27. Ne2 Ne6 28. Rd5 f6 29. Rf1 Ng5 30. Ng3 h4 31. Ne2 Nxe4 32. Rc1 a5 33. c4 Kf7 34. a3 Ke6 35. a4 Nc5 36. Nc3 Nb3 37. Rcd1 Rxc4 38. Rd8 Bc5+ 39. Kh2 Nd4 40. Ne4 Be7 41. Rb8 Rb4 42. Rd2 f5 43. Nc3 Bg5 44. Rf2 Be3 45. Rf1 Rxb2 46. Rb1 Rxb1 47. Nxb1 Ne2 48. Na3 e4 49. Nc4 Bf4+ 0-1

[Event "Steinfurt Bezirksklasse 0506"]
[Site "Germany"]
[Date "2006.01.28"]
[Round "5.5"]
[White "Richter, Alexander"]
[Black "Fredrich, Bjoern"]
[Result "1-0"]
[WhiteElo "910"]
[BlackElo "1106"]
[PlyCount "41"]
[EventDate "2005.09.10"]
[EventType "team-tourn"]
[EventRounds "7"]
[EventCountry "GER"]
[SourceTitle "EXT 2006"]
[Source "ChessBase"]
[SourceDate "2005.11.24"]
[SourceVersion "1"]
[SourceVersionDate "2005.11.24"]
[SourceQuality "1"]
[WhiteTeam "Rheine SG II"]
[BlackTeam "Emsdetten Rochade IV"]
[WhiteTeamCountry "GER"]
[BlackTeamCountry "GER"]

1. d4 d5 2. c4 Nf6 3. cxd5 Qxd5 4. Nc3 Qf5 5. Nf3 e6 6. Bg5 Be7 7. e3 h6 8. Bf4 Bd6 9. Bd3 Qg4 10. Bxd6 cxd6 11. 0-0 0-0 12. Nb5 Nc6 13. Nxd6 Rd8 14. Nc4 Nd5 15. h3 Qh5 16. g4 Qxh3 17. Nh2 Re8 18. Qf3 Qh4 19. Rac1 e5 20. Nd6 Re6 21. Qxf7+ 1-0